Uso de una transformadora de hankel en la solución de un problema axialmente simétrico en conducción de calor
שמור ב:
| מחבר ראשי: | |
|---|---|
| פורמט: | ספר |
| יצא לאור: |
[San José , Costa Rica]
1970
|
| תגים: |
הוספת תג
אין תגיות, היה/י הראשונ/ה לתייג את הרשומה!
|
MARC
| LEADER | 00000nam a2200000Ia 4500 | ||
|---|---|---|---|
| 003 | PIM138 | ||
| 005 | 20231205111624.0 | ||
| 008 | 140116s1970 cr a m 000 ||s d | ||
| 040 | |c cru CEDI | ||
| 090 | |a PIM 138 | ||
| 100 | |a Acuña Sanabria, Hernán |9 18189 | ||
| 245 | |a Uso de una transformadora de hankel en la solución de un problema axialmente simétrico en conducción de calor | ||
| 260 | |a [San José , Costa Rica] |c 1970 | ||
| 300 | |a 28 hojas | ||
| 500 | |a A la cabeza de la portada. Universidad de Costa Rica. Departamento de Ingeniería Mecánica. Laboratorio Mecánico 1 - IM 406 | ||
| 942 | |c PIM |h PIM-138 |i PIM138 |6 PIM_138_PIM138 | ||
| 999 | |c 13487 |d 13487 | ||
